[Event "BRA-chT U26"]
[Site "Foz do Iguacu"]
[Date "2012.10.21"]
[Round "6"]
[White "Santos, Gleydson Jose Barbo"]
[Black "De Sa, Jefferson Luis Pere"]
[Result "0-1"]
[WhiteElo "1850"]
[BlackElo "1982"]
[PlyCount "56"]
[EventDate "2012.10.18"]
[EventType "team-swiss"]
[EventRounds "7"]
[EventCountry "BRA"]
[SourceTitle "EXT 2013"]
[Source "ChessBase"]
[SourceDate "2012.11.22"]
[SourceVersion "1"]
[SourceVersionDate "2012.11.22"]
[SourceQuality "1"]

1. c4 Nf6 2. Nc3 e6 3. g3 d5 4. cxd5 exd5 5. d4 c6 6. Bg2 Bd6 7. Nf3 h6 8. 0-0 0-0 9. Qc2 Re8 10. a3 Nbd7 11. b4 a6 12. Re1 Ne4 13. Nd2 f5 14. f3 Nxg3 15. hxg3 Bxg3 16. Rd1 Qh4 17. Nb3 f4 18. e4 fxe3 19. Ne2 Bf2+ 20. Kf1 Nf6 21. Qg6 Be6 22. Nc5 Bc8 23. Bb2 Rf8 24. Nd3 Ng4 25. Nec1 Nh2+ 26. Ke2 Bg3 27. Ne5 Bxe5 28. dxe5 Qf2+ 0-1

[Event "BRA-chT U26"]
[Site "Foz do Iguacu"]
[Date "2012.10.19"]
[Round "3"]
[White "De Sa, Jefferson Luis Pere"]
[Black "Dos Santos, Jose Genisson Cami"]
[Result "1/2-1/2"]
[WhiteElo "1982"]
[BlackElo "1800"]
[PlyCount "72"]
[EventDate "2012.10.18"]
[EventType "team-swiss"]
[EventRounds "7"]
[EventCountry "BRA"]
[SourceTitle "EXT 2013"]
[Source "ChessBase"]
[SourceDate "2012.11.22"]
[SourceVersion "1"]
[SourceVersionDate "2012.11.22"]
[SourceQuality "1"]

1. e4 c5 2. Nf3 Nc6 3. d4 cxd4 4. Nxd4 e6 5. Be3 Nf6 6. Bd3 d5 7. exd5 exd5 8. 0-0 Bd6 9. Nf5 0-0 10. Nxd6 Qxd6 11. h3 h6 12. a3 a5 13. Nc3 Be6 14. Nb5 Qd7 15. f4 Bf5 16. Bc5 Bxd3 17. Qxd3 Rfe8 18. Rad1 b6 19. Bxb6 Rab8 20. Bf2 Nb4 21. axb4 Qxb5 22. Qxb5 Rxb5 23. bxa5 Rxa5 24. c3 Re2 25. Rb1 Ra2 26. Bd4 Raxb2 27. Rxb2 Rxb2 28. Re1 Rc2 29. Bxf6 gxf6 30. Rd1 Rxc3 31. Rxd5 Rc2 32. Kh2 Kg7 33. h4 Rc6 34. Kh3 Rc3+ 35. g3 Rc6 36. Kg4 Rc3 1/2-1/2

[Event "BRA-chT U26"]
[Site "Foz do Iguacu"]
[Date "2012.10.18"]
[Round "1"]
[White "De Sa, Jefferson Luis Pere"]
[Black "Gomes, Jose Murilo"]
[Result "1-0"]
[WhiteElo "1982"]
[BlackElo "1800"]
[PlyCount "43"]
[EventDate "2012.10.18"]
[EventType "team-swiss"]
[EventRounds "7"]
[EventCountry "BRA"]
[SourceTitle "EXT 2013"]
[Source "ChessBase"]
[SourceDate "2012.11.22"]
[SourceVersion "1"]
[SourceVersionDate "2012.11.22"]
[SourceQuality "1"]

1. e4 d5 2. exd5 Qxd5 3. c4 Qa5 4. Nc3 c6 5. d4 Nf6 6. Bd3 Na6 7. Nf3 Bg4 8. 0-0 Bxf3 9. Qxf3 e6 10. d5 cxd5 11. cxd5 Nxd5 12. Bb5+ Kd8 13. Qxf7 Nc5 14. Nxd5 exd5 15. Bg5+ Kc8 16. Qxd5 Kc7 17. Be2 h6 18. Bf4+ Kb6 19. b4 Qa3 20. bxc5+ Bxc5 21. Rab1+ Bb4 22. Qb5# 1-0